Died Same Day Quiz Stats

 Plays Quiz Updated Nov 13, 2018

     
Support Sporcle.
Go Orange.
Score 0/30 Timer 07:00
1 Play Today
Known for... Name % Correct
Jul. 4, 1826John Adams
87.8%
Jun. 25, 2009Michael Jackson
85.7%
Jul. 4, 1826Thomas Jefferson
84.3%
Nov. 22, 1963John F. Kennedy
72.3%
Jun. 25, 2009Farrah Fawcett
66%
Nov. 22, 1963C.S. Lewis
63.9%
Jan. 30, 1948Mohandas Gandhi
61.7%
May 16, 1990Jim Henson
61%
Oct. 10, 2004Christopher Reeve
59.9%
Feb. 12, 2000Charles M. Schulz
58.2%
Jan. 30, 1948Orville Wright
50.3%
May 16, 1990Sammy Davis Jr.
46.2%
Nov. 22, 1963Aldous Huxley
45.4%
Oct. 10, 1985Orson Welles
43%
Oct. 10, 1985Yul Brynner
40.2%
Known for... Name % Correct
Feb. 6, 1998Carl Wilson
38.7%
Oct. 31, 1993River Phoenix
38.3%
Feb. 12, 2000Tom Landry
36.9%
Mar. 27, 2002Dudley Moore
31.8%
Jul. 30, 2007Bill Walsh
26.5%
Feb. 6, 1998Falco
22.9%
Sept. 11, 1987Lorne Greene
22.1%
Oct. 31, 1993Federico Fellini
20.2%
Mar. 27, 2002Milton Berle
17.8%
Jul. 30, 2007Ingmar Bergman
16.3%
Oct. 10, 2004Ken Caminiti
15.9%
Mar. 27, 2002Billy Wilder
14.1%
Feb. 10, 2003Curt Hennig
10.1%
Sept. 11, 1987Peter Tosh
8.3%
Feb. 10, 2003Ron Ziegler
3%

From the Vault

13 Ways Not to Wield a 'Wand'

by timmylemoine1

Language 60s
First things first, use your hands.
Remove Ads.
Support Sporcle.
Get the best of Sporcle when you Go Orange. This ad-free experience offers more features, more stats, and more fun while also helping to support Sporcle. Thank you for becoming a member.

Show Comments

Extras

Top Quizzes Today


Score Distribution

Your Account Isn't Verified!

In order to create a playlist on Sporcle, you need to verify the email address you used during registration. Go to your Sporcle Settings to finish the process.

Report this User

Report this user for behavior that violates our Community Guidelines.

Details: